| 000 | 00550nam a2200157 i 4500 | ||
|---|---|---|---|
| 001 | 30500 | ||
| 003 | ES-MaACL | ||
| 005 | 20230906154214.0 | ||
| 007 | t| | ||
| 008 | 030124s1879 fr ||||1| fre d | ||
| 100 | 1 |
_aBarthelemy Saint-Hilaire, Jules. _926123 |
|
| 245 | 1 | 0 |
_aDe la metaphysique _b: sanature et sesdroits ... por servir d'introduction a la métaphysique d'Aristote / _cpar Jules Barthelemy Saint-Hilaire. |
| 260 |
_aParís : _bGremer-Baillière et Cie., _c1879 ( _fChamerot) |
||
| 300 |
_a190 p. ; _c19 cm. |
||
| 852 |
_aES-MaACL _jF-12180 |
||
| 999 |
_c30500 _d30500 |
||